| 000 | 00941nam a2200301 a 4500 | ||
|---|---|---|---|
| 001 | 22479 | ||
| 003 | SK-KTurca | ||
| 005 | 20260330140810.0 | ||
| 008 | 250414s1982 xo 0 slo | ||
| 015 | _aSNBA1982/12 | ||
| 035 | _aSNK000042865 | ||
| 040 |
_aSNK _bslo _cSNK _eAACR2 |
||
| 041 | 0 | _aslo | |
| 044 |
_axo _cSK |
||
| 080 |
_a885.0-3(087.5) _21981 |
||
| 100 | 1 |
_aKlevis, Vladimír, _d1933-1998 _4aut |
|
| 245 | 1 | 0 |
_aStretnutie s Michaelou _cVladimír Klevis ; Silvia Kršková, Mária Dusíková |
| 250 | _a1. vyd. | ||
| 260 |
_aBratislava _bMladé letá _c1982 _eBanská Bystrica _fTlačiarne SNP |
||
| 300 |
_a117 s., 7,47 AH _c21 cm |
||
| 366 | _e15000 výtl. | ||
| 500 | _aIlustr. na front. Pre čitateľov od 13 rokov. | ||
| 700 | 1 |
_aKršková, Silvia _4trl |
|
| 700 | 1 |
_aDusíková, Maja, _d1946- _4bkd |
|
| 942 |
_2ddc _cKLDE _n0 |
||
| 999 |
_c22479 _d22479 |
||